Lý thuyết truyền tin

Zapisane w:
Opis bibliograficzny
1. autor: Trần Trung Dũng
Format: Książka
Język:Undetermined
Wydane: H. KHKT 2004
Hasła przedmiotowe:
Etykiety: Dodaj etykietę
Nie ma etykietki, Dołącz pierwszą etykiete!
Thư viện lưu trữ: Trung tâm Học liệu Trường Đại học Cần Thơ
LEADER 00528nam a2200193Ia 4500
001 CTU_62612
008 210402s9999 xx 000 0 und d
020 |b 35500 
082 |a 621.382 
082 |b D513 
100 |a Trần Trung Dũng 
245 0 |a Lý thuyết truyền tin 
245 0 |c Trần Trung Dũng và Nguyễn Thúy Anh 
260 |a H. 
260 |b KHKT 
260 |c 2004 
650 |a communication in engineering 
904 |i Minh 
980 |a Trung tâm Học liệu Trường Đại học Cần Thơ